Taylor Swift - Paroles Come Back... Be Here - Statistiques

Statistiques générales
  • Ce quiz a été pris 50 fois
  • Le résultat moyen est 259 sur 316
Statistiques - réponses
Hint Réponse % Correct
back
100%
back,
100%
a
97%
be
97%
Come
97%
here
97%
I
97%
London
97%
London,
97%
when
97%
don't
94%
in
94%
In
94%
it
94%
that
94%
That
94%
the
94%
Couplet 2 The
94%
this
94%
Bridge | Refrain This
94%
Couplet 1 You
94%
you
94%
your
94%
you're
94%
Refrain And
90%
and
90%
But
90%
but
90%
New
90%
to
90%
way
90%
York
90%
York,
90%
is
87%
it's
87%
like
87%
miss
87%
wanna
87%
'Cause
84%
know
84%
not
84%
all
81%
fair
81%
feeling
81%
guess
81%
love
81%
today
81%
at
77%
break
77%
down
77%
fall
77%
for
77%
said
77%
a.m.
74%
are
74%
around
74%
falling
74%
How
74%
me
71%
need
71%
sinks
71%
4:00
68%
day
68%
simple
68%
then
68%
cruelest
65%
One
65%
took
65%
was
65%
can
61%
my
61%
never
61%
Outro Oh-oh,
61%
oh-oh
61%
plane
61%
just
58%
kiss,
58%
last
58%
mind,
58%
play
58%
second
58%
so
58%
strange
58%
than
58%
with
58%
about
55%
faster
55%
get
55%
what
55%
catch
52%
flight
52%
I'd
52%
much
52%
Right
52%
wish
52%
had
48%
now
48%
put
48%
can't
45%
If
45%
myself,
45%
Spinning
45%
Pré-refrain Taxi
45%
told
45%
attached
42%
goodbye
42%
help
42%
beginning
39%
bring
39%
busy
39%
cabs
39%
known
39%
long
39%
streets
39%
would've
39%
rush
35%
anything
32%
played
32%
Stumbled
32%
through
32%
Without
32%
knowing
29%
nonchalant
29%
delicate
23%
Aucun quiz correspondant
Distribution des résultats
% des personnes avec chaque résultat
Percentile par nombre de réponses
Votre historique - résultats
Vous n’avez pas pris ce quiz